Online Catalogue and eLibrary

Neethi wirodhee mathpan pawula saha samajaya (Record no. 5121)

MARC details
000 -LEADER
fixed length control field 00451nam a2200181Ia 4500
005 - DATE AND TIME OF LATEST TRANSACTION
control field 20250626032600.0
008 - FIXED-LENGTH DATA ELEMENTS--GENERAL INFORMATION
fixed length control field 240331s9999 xx 000 0 und d
020 ## - INTERNATIONAL STANDARD BOOK NUMBER
ISBN 955553182X
082 ## - DDC Classification
Item Number - Author Mark WIJ
Class No. 362
100 ## - MAIN ENTRY--PERSONAL NAME
Personal name Wijenayake,R
245 #0 - TITLE STATEMENT
Title Neethi wirodhee mathpan pawula saha samajaya
260 ## - PUBLICATION, DISTRIBUTION, ETC.
Place of publication, distribution, etc. Warakapola
Name of publisher, distributor, etc. Aryan Publishers
Date of publication, distribution, etc. 2001
300 ## - PHYSICAL DESCRIPTION
Extent (e.g. Volumes, Pages etc.) 116 p .,
650 ## - SUBJECT ADDED ENTRY--TOPICAL TERM
Topical term or geographic name entry element Illlegal Alcohol
650 ## - SUBJECT ADDED ENTRY--TOPICAL TERM
Topical term or geographic name entry element Family
650 ## - SUBJECT ADDED ENTRY--TOPICAL TERM
Topical term or geographic name entry element Society
942 ## - Koha item type (Biblio)
Koha item type Books in Stacks (Lending)
Holdings
Lost status Damaged status Collection code Home library Current library Shelving location Date acquired Full call number Accession Number Item type
    Lending WERC Library WERC Library Social Science Cupboard 03/31/2024 362.29 WIJ 4720 Books in Stacks (Lending)

© WERC Library